| 000 | 01140nam a22002777a 4500 | ||
|---|---|---|---|
| 001 | 1438 | ||
| 005 | 20251003122501.0 | ||
| 020 | _a9789996354946 | ||
| 040 |
_aFISKH _beng _cFISKH _dFISKH |
||
| 082 | _a591.7 | ||
| 100 | _aHavard, Christian | ||
| 245 |
_aសត្វក្នុងព្រៃស្បាត / _cនិពន្ធដោយ Christian Havard - គូររូបដោយ Catherine Fichaux |
||
| 250 | _aបោះពុម្ពលើកទី ៦ កក្កដា ២០២១ | ||
| 260 |
_aToulouse : _bSipar, _c2004. |
||
| 300 |
_a37 pages : _bcolor illustrations ; _c25 cm |
||
| 490 | _aស្វែងយល់ពី | ||
| 505 | _aZ | ||
| 520 | _aពណ៍នាអំពីប្រភេទសត្វដែលរស់នៅក្នុងព្រៃស្បាត។ | ||
| 520 | _aDescribe the species that live in the Prey Sbart jungle. | ||
| 521 |
_a890
_bLexile estimate |
||
| 521 |
_aZ
_bRaz-Plus |
||
| 650 |
_aព្រៃ _vសត្វ _xកម្រ |
||
| 650 |
_aJungle _vAnimals _xRare |
||
| 700 |
_aFichaux, Catherine _cillustrator |
||
| 942 |
_2ddc _cBK _n0 |
||
| 999 |
_c1438 _d1438 |
||